[Event "Athens Smaok op 5th"]
[Site "Athens"]
[Date "2010.04.27"]
[Round "6.14"]
[White "Maroulakos, Stavros"]
[Black "Melidis, Andron"]
[Result "0-1"]
[WhiteElo "1773"]
[BlackElo "1951"]
[PlyCount "64"]
[EventDate "2010.03.16"]
[EventType "swiss"]
[EventRounds "7"]
[EventCountry "GRE"]
[SourceTitle "EXT 2024"]
[Source "ChessBase"]
[SourceDate "2023.10.10"]
[SourceVersion "1"]
[SourceVersionDate "2023.10.10"]
[SourceQuality "1"]

1. e4 e6 2. d4 d5 3. Nc3 Bb4 4. e5 c5 5. a3 Bxc3+ 6. bxc3 Ne7 7. Nf3 Nbc6 8. Be2 0-0 9. 0-0 f6 10. exf6 gxf6 11. Bh6 Rf7 12. Nh4 Ng6 13. Nf3 Nce7 14. dxc5 Nf5 15. Qd2 Rc7 16. Nd4 e5 17. Nxf5 Bxf5 18. Be3 Be6 19. Rfd1 f5 20. f3 f4 21. Bf2 Qg5 22. Qe1 Rg7 23. Bf1 Re8 24. Rd2 e4 25. fxe4 Ne5 26. Kh1 Nc4 27. Re2 Bg4 28. Bd4 Bxe2 29. Bxg7 Bxf1 30. Qxf1 Ne3 31. Qe2 Qxg7 32. exd5 Qxc3 0-1

[Event "Athens Smaok op 5th"]
[Site "Athens"]
[Date "2010.04.20"]
[Round "5.17"]
[White "Melidis, Andron"]
[Black "Kostopoulos, Thomas"]
[Result "1-0"]
[WhiteElo "1951"]
[BlackElo "1844"]
[PlyCount "79"]
[EventDate "2010.03.16"]
[EventType "swiss"]
[EventRounds "7"]
[EventCountry "GRE"]
[SourceTitle "EXT 2024"]
[Source "ChessBase"]
[SourceDate "2023.10.10"]
[SourceVersion "1"]
[SourceVersionDate "2023.10.10"]
[SourceQuality "1"]

1. e4 c6 2. d4 d5 3. Nc3 dxe4 4. Nxe4 Bf5 5. Ng3 Bg6 6. h4 h6 7. Nf3 Nd7 8. Bc4 Qc7 9. Qe2 Nb6 10. Bb3 Nd5 11. Ne5 Qd6 12. Nxg6 Qxg6 13. Bd2 e6 14. 0-0-0 0-0-0 15. h5 Qf6 16. Ne4 Qe7 17. Ba5 b6 18. Bd2 Ngf6 19. Rhe1 Qc7 20. Kb1 Nxe4 21. Qxe4 Be7 22. Qf3 Bg5 23. Bxg5 hxg5 24. Re5 g4 25. Qxg4 Nf6 26. Qe2 Rd7 27. Rg5 Kb7 28. g4 Rg8 29. Qf3 Nh7 30. Rb5 Kb8 31. Rb4 Rgd8 32. Rc4 c5 33. c3 e5 34. dxc5 Rxd1+ 35. Bxd1 Qd7 36. Bc2 Qd2 37. Qe4 Qf4 38. Qxf4 exf4 39. Bxh7 bxc5 40. Rxf4 1-0

[Event "Athens Smaok op 5th"]
[Site "Athens"]
[Date "2010.04.13"]
[Round "4.18"]
[White "Melidis, Andron"]
[Black "Hristodoulou, Georgios"]
[Result "0-1"]
[WhiteElo "1951"]
[BlackElo "1955"]
[PlyCount "146"]
[EventDate "2010.03.16"]
[EventType "swiss"]
[EventRounds "7"]
[EventCountry "GRE"]
[SourceTitle "EXT 2024"]
[Source "ChessBase"]
[SourceDate "2023.10.10"]
[SourceVersion "1"]
[SourceVersionDate "2023.10.10"]
[SourceQuality "1"]

1. e4 d5 2. exd5 Nf6 3. Nf3 Nxd5 4. c4 Nb6 5. d4 g6 6. Be2 Bg7 7. 0-0 0-0 8. Be3 Nc6 9. Qd2 e5 10. d5 Ne7 11. Nc3 Nf5 12. Bc5 Nd6 13. b3 Nd7 14. Ba3 b6 15. Rad1 Re8 16. Rfe1 a5 17. Bd3 Nb7 18. Bc2 Ndc5 19. Nb5 Bd7 20. Nc3 Bg4 21. Qe3 e4 22. h3 exf3 23. Qxe8+ Qxe8 24. Rxe8+ Rxe8 25. Nb5 Bd7 26. Nxc7 Re2 27. Bb1 Be5 28. Na8 fxg2 29. Kxg2 b5 30. Kf3 Ne4 31. Kxe2 Nc3+ 32. Ke1 Nxd1 33. Kxd1 b4 34. Bc1 Bxh3 35. Be3 Bd6 36. Nb6 h5 37. Be4 f5 38. Bf3 Bg4 39. Ke2 h4 40. Bxg4 fxg4 41. Nc8 Bc5 42. Bf4 Kf7 43. Kf1 Ke8 44. d6 Kd7 45. Ne7 Bxd6 46. Nxg6 Bxf4 47. Nxf4 Nc5 48. Ne2 Ne4 49. Kg2 h3+ 50. Kg1 Kd6 51. Nf4 Nc3 52. Nd3 Nxa2 53. Kh2 Nc3 54. f3 gxf3 55. Kxh3 Ne4 56. Kh2 Nd2 57. Kg3 Nxb3 58. Kxf3 Nd2+ 59. Ke3 Nxc4+ 60. Kd4 Nb6 61. Nc5 Kc6 62. Nd3 Kb5 63. Nc1 a4 64. Kd3 Kc5 65. Kc2 Kc4 66. Kb2 Nd5 67. Kc2 b3+ 68. Kb2 Nb4 69. Ne2 Nd3+ 70. Kb1 a3 71. Nc1 Nb4 72. Ne2 a2+ 73. Kb2 Nc2 0-1

[Event "Athens Smaok op 5th"]
[Site "Athens"]
[Date "2010.03.23"]
[Round "2"]
[White "Melidis, Andron"]
[Black "Fanourgakis, Konstantinos"]
[Result "1-0"]
[WhiteElo "1951"]
[BlackElo "1896"]
[PlyCount "101"]
[EventDate "2010.03.16"]
[EventType "swiss"]
[EventRounds "7"]
[EventCountry "GRE"]
[SourceTitle "EXT 2011"]
[Source "ChessBase"]
[SourceDate "2010.11.26"]
[SourceVersion "1"]
[SourceVersionDate "2010.11.26"]
[SourceQuality "1"]

1. e4 e5 2. Nf3 Nc6 3. d4 exd4 4. Bc4 Bb4+ 5. c3 dxc3 6. 0-0 Nf6 7. a3 Be7 8. e5 Ng4 9. Re1 0-0 10. Nxc3 d6 11. exd6 Qxd6 12. Nd5 Kh8 13. Qe2 Nd4 14. Qe4 Nxf3+ 15. Qxf3 Qxh2+ 16. Kf1 Bc5 17. Bf4 Qh4 18. Nxc7 Nh2+ 19. Bxh2 Qxc4+ 20. Kg1 Bg4 21. Qe4 Qxe4 22. Rxe4 Bf3 23. gxf3 Rad8 24. Rae1 h6 25. Nb5 Rd2 26. R1e2 Rfd8 27. Nc3 Kh7 28. Bf4 R2d3 29. Kg2 Bxa3 30. bxa3 Rxc3 31. Re7 g5 32. Rxf7+ Kg6 33. Rg7+ Kxg7 34. Be5+ Kg6 35. Bxc3 Rd7 36. Re6+ Kh7 37. Bb4 a6 38. Re7+ Rxe7 39. Bxe7 Kg6 40. Kg3 Kf5 41. Bd6 h5 42. Bc7 b5 43. Kh3 Kf6 44. f4 g4+ 45. Kh4 Kg6 46. Ba5 Kf5 47. Bd2 Kg6 48. f5+ Kxf5 49. Kxh5 a5 50. Bxa5 Kf4 51. Kh4 1-0

[Event "Athens Glyfada op"]
[Site "Athens"]
[Date "2006.12.23"]
[Round "2"]
[White "Melidis, Andron"]
[Black "Sarantos, Vasilios"]
[Result "0-1"]
[WhiteElo "1972"]
[BlackElo "2264"]
[PlyCount "46"]
[EventDate "2006.12.22"]
[EventType "swiss"]
[EventRounds "7"]
[EventCountry "GRE"]
[SourceTitle "EXT 2024"]
[Source "ChessBase"]
[SourceDate "2023.10.10"]
[SourceVersion "1"]
[SourceVersionDate "2023.10.10"]
[SourceQuality "1"]

1. e4 e6 2. d4 d5 3. Nc3 Nf6 4. e5 Nfd7 5. Nf3 c5 6. Ne2 cxd4 7. Nexd4 Nc6 8. Bb5 Qb6 9. Bxc6 bxc6 10. 0-0 Ba6 11. Re1 c5 12. Nb3 h6 13. c3 Be7 14. Re3 Qc7 15. Nbd2 Rb8 16. b3 g5 17. h3 h5 18. g4 hxg4 19. hxg4 d4 20. cxd4 cxd4 21. Re1 Qc3 22. Rb1 Qd3 23. Bb2 Qh7 0-1